000 00403nam a2200157 a 4500
001 3618
003 CDMR
005 20151026134202.0
008 130130s1980||||||||||||||||||||||||||||d
040 _aCDMR
_bcat
_cCDMR
100 1 _aCaballero, Oscar
_92582
245 1 0 _aTitulares de EspaƱa
260 _aBarcelona
_c1980
_bPlaneta
650 _93772
_aPeriodisme--Manuals d'estil
_vTitulars
942 _cMON
_2udc
999 _c3618
_d3618